Vectors Tensors and the Basic Equations of Fluid Mechanics (Record no. 299410)

000 -LEADER
fixed length control field 00301 a2200121 4500
001 - CONTROL NUMBER
control field 64337
082 ## - DEWEY DECIMAL CLASSIFICATION NUMBER
Classification number 532 ARI
090 ## - LOCALLY ASSIGNED LC-TYPE CALL NUMBER (OCLC); LOCAL CALL NUMBER (RLIN)
-- 37973
-- 37973
100 ## - MAIN ENTRY--PERSONAL NAME
Personal name Ariz R
245 ## - TITLE STATEMENT
Title Vectors Tensors and the Basic Equations of Fluid Mechanics
260 ## - PUBLICATION, DISTRIBUTION, ETC.
Place of publication, distribution, etc. NY
Name of publisher, distributor, etc. Dover Publication Inc
Date of publication, distribution, etc. 1989
300 ## - PHYSICAL DESCRIPTION
Extent 286p
942 ## - ADDED ENTRY ELEMENTS (KOHA)
Institution code [OBSOLETE] NUST-CAE
Call number prefix 532 ARI
Holdings
Withdrawn status Lost status Damaged status Not for loan Collection code Permanent Location Current Location Date acquired Total Checkouts Full call number Barcode Date last seen Price effective from Koha item type
          College of Aeronautical Engineering (CAE) College of Aeronautical Engineering (CAE) 04/03/2017   532 ARI CAEG-5291 04/05/2017 04/05/2017 Book
© 2023 Central Library, National University of Sciences and Technology. All Rights Reserved.